[Event "Stuttgart-chB op"]
[Site "Ditzingen"]
[Date "2015.05.16"]
[Round "5"]
[White "Michna, Marcus"]
[Black "Kussmann, Alexander"]
[Result "1-0"]
[WhiteElo "1798"]
[BlackElo "1681"]
[PlyCount "65"]
[EventDate "2015.05.17"]
[EventType "swiss"]
[EventRounds "7"]
[EventCountry "GER"]
[SourceTitle "EXT 2018"]
[Source "ChessBase"]
[SourceDate "2017.10.13"]
[SourceVersion "1"]
[SourceVersionDate "2017.10.13"]
[SourceQuality "1"]

1. d4 c5 2. e3 e6 3. Nf3 Nf6 4. Bd3 Nc6 5. c3 d5 6. Nbd2 b6 7. 0-0 Bd6 8. Qe2 0-0 9. e4 dxe4 10. Nxe4 Nxe4 11. Qxe4 f5 12. Qxc6 Rb8 13. Bg5 Be7 14. Bxe7 Qxe7 15. Rad1 Bd7 16. Qc7 Rbc8 17. Qe5 cxd4 18. cxd4 h6 19. Rc1 Bc6 20. Ba6 Bxf3 21. Rxc8 Rxc8 22. Bxc8 Bd5 23. Re1 Kf7 24. Qxd5 exd5 25. Rxe7+ Kxe7 26. Bxf5 Kf6 27. Bc8 g6 28. Kf1 h5 29. h4 Ke7 30. Ke2 Kd6 31. Ba6 Ke6 32. Ke3 Kf6 33. Kf4 1-0

[Event "Stuttgart-chB op"]
[Site "Ditzingen"]
[Date "2015.05.14"]
[Round "2"]
[White "Kussmann, Alexander"]
[Black "Froehlich, Franziska"]
[Result "1-0"]
[WhiteElo "1681"]
[BlackElo "1456"]
[PlyCount "75"]
[EventDate "2015.05.17"]
[EventType "swiss"]
[EventRounds "7"]
[EventCountry "GER"]
[SourceTitle "EXT 2018"]
[Source "ChessBase"]
[SourceDate "2017.10.13"]
[SourceVersion "1"]
[SourceVersionDate "2017.10.13"]
[SourceQuality "1"]

1. e3 Nf6 2. c4 g6 3. Nc3 Bg7 4. d4 d6 5. Nf3 0-0 6. Be2 Nbd7 7. 0-0 e5 8. b4 exd4 9. exd4 c5 10. bxc5 dxc5 11. d5 Nxd5 12. Nxd5 Bxa1 13. Bg5 f6 14. Qxa1 fxg5 15. Rd1 Nb6 16. Nxb6 Qxb6 17. Nxg5 Qf6 18. Qxf6 Rxf6 19. Ne4 Ra6 20. Nxc5 Rxa2 21. Bf3 Rb8 22. g3 Bf5 23. Bd5+ Kg7 24. Re1 b6 25. Re7+ Kh8 26. Nb3 Rd8 27. Nd4 Bh3 28. Re1 Rf8 29. f4 Rd2 30. Nf3 Rg2+ 31. Kh1 Rb2 32. Ng5 Bg2+ 33. Bxg2 h6 34. Nf3 Kg7 35. Ne5 g5 36. Bd5 gxf4 37. gxf4 Rxf4 38. Nd3 1-0

[Event "Stuttgart-chB int"]
[Site "Ditzingen"]
[Date "2014.05.31"]
[Round "6"]
[White "Reichardt, Bernd"]
[Black "Kussmann, Alexander"]
[Result "0-1"]
[WhiteElo "1759"]
[BlackElo "1657"]
[PlyCount "102"]
[EventDate "2014.05.29"]
[EventType "swiss"]
[EventRounds "7"]
[EventCountry "GER"]
[SourceTitle "EXT 2015"]
[Source "ChessBase"]
[SourceDate "2014.11.20"]
[SourceVersion "1"]
[SourceVersionDate "2014.11.20"]
[SourceQuality "1"]

1. Nf3 e6 2. c4 c5 3. g3 Nf6 4. Bg2 Be7 5. 0-0 0-0 6. b3 d6 7. Nc3 Nbd7 8. d4 d5 9. cxd5 exd5 10. dxc5 Nxc5 11. Bb2 Nce4 12. Nd4 Bb4 13. Qd3 Bxc3 14. Bxc3 Nxc3 15. Qxc3 Be6 16. Nxe6 fxe6 17. Qe5 Qb6 18. Bh3 Rae8 19. e3 Ne4 20. Bg2 Nd2 21. Rfd1 Nf3+ 22. Bxf3 Rxf3 23. Rxd5 Rf5 24. Qxf5 exf5 25. Rxf5 Rf8 26. Rxf8+ Kxf8 27. Rc1 Ke7 28. Rc4 g5 29. h4 gxh4 30. Rxh4 Qg6 31. Kg2 Kd7 32. a4 a5 33. e4 Kd6 34. f3 Ke5 35. Rf4 Kd4 36. Rf5 b6 37. Rb5 h5 38. b4 h4 39. g4 axb4 40. Rxb4+ Kc3 41. Rb5 Qd6 42. e5 Qd2+ 43. Kf1 h3 44. e6 Qg2+ 45. Ke1 h2 46. Rh5 h1Q+ 47. Rxh1 Qxh1+ 48. Kf2 Qh2+ 49. Kf1 Kd3 50. e7 Qe2+ 51. Kg1 Qxe7 0-1

[Event "Stuttgart-chB int"]
[Site "Ditzingen"]
[Date "2014.05.29"]
[Round "3"]
[White "Kussmann, Alexander"]
[Black "Haefele, Torsten"]
[Result "1-0"]
[WhiteElo "1657"]
[BlackElo "1855"]
[PlyCount "69"]
[EventDate "2014.05.29"]
[EventType "swiss"]
[EventRounds "7"]
[EventCountry "GER"]
[SourceTitle "EXT 2015"]
[Source "ChessBase"]
[SourceDate "2014.11.20"]
[SourceVersion "1"]
[SourceVersionDate "2014.11.20"]
[SourceQuality "1"]

1. e3 f5 2. c4 Nf6 3. d4 d6 4. Nf3 g6 5. Nc3 Bg7 6. Bd3 Na6 7. 0-0 0-0 8. Qb3 c5 9. d5 Nc7 10. Rd1 Ng4 11. Be2 Ne5 12. a4 a6 13. Bd2 Qe8 14. a5 Rb8 15. Nxe5 Bxe5 16. Na4 Na8 17. Bc3 Bf6 18. Bxf6 exf6 19. Nb6 Nxb6 20. Qxb6 Qd8 21. Qxd8 Rxd8 22. Rdb1 Bd7 23. b4 b5 24. axb6 Rxb6 25. bxc5 Rxb1+ 26. Rxb1 dxc5 27. Rb6 a5 28. Ra6 a4 29. Bd1 Rb8 30. Kf1 Rb4 31. Ra8+ Kf7 32. Ra7 Ke7 33. g4 Rb1 34. Ke2 fxg4 35. Bxa4 1-0